000 nam a22 a 4500
999 _c430442
_d430442
003 BLK
005 20210827154215.0
008 210827b bu |||||r|||| 00| | bu d
040 _aBLK
041 _aFRE
_cFRE
080 _aФренска литература
_b821.133.1
_x-31
_z821.133.1-31
100 _91299
_aGilbert, Marion
_eпърви автор
139 _aGilbert, Marion
245 _aCamille; ou, Le reflet de Rome
_bRoman
_cMarion Gilbert : ill. Rene-Marie Castaing
_n1-3
257 _aFRA
260 _9447085
_aParis
_bL'Illustration
_c1931
300 _a79 p.
_bill.
_c29 cm
380 _aX
490 _9447086
_aLa petite Illustration
_v№ 538-40
490 _9463265
_aL'illustration roman
_v№ 245-247
500 _aЧ. 1-3 - подвързани в едно тяло.
700 _9130
_aCastaing, Rene-Marie
_eill.
852 _aЦб 8.295.537
_bО
942 _cKNG
_n0
_s1
944 _aCR
_c2021-08-27
_kВП